000 01271cam a2200325 a 4500
001 1958
003 FISKH
005 20231020145616.0
008 920708s1994 nyua j 000 0ceng
010 _a 92027623
020 _a0590450158
040 _aDLC
_cDLC
_dDLC
_beng
042 _alcac
050 0 0 _aCT107
_b.B35 1994
082 0 0 _a920.02
_220
100 1 _aMarzollo, Jean.
245 1 0 _aMy first book of biographies :
_bgreat men and women every child should know /
_cby Jean Marzollo ; illustrated by Irene Trivas.
260 _aNew York :
_bScholastic,
_c1994.
300 _a79 pages :
_bcolor illustrations ;
_c26 cm
505 _aU
520 _aHighlights the contributions in various fields of endeavor of famous men and women from around the world, including Marie Curie, Abraham Lincoln, Rachel Carson, Hokusai, and Martin Luther King.
521 8 _a840
_bLexile
521 8 _aU
_bRaz-Plus
650 0 _aBiography
_xJuvenile literature.
650 1 _aBiography.
700 1 _aTrivas, Irene,
_eillustrator
906 _a7
_bcbc
_corignew
_d1
_eocip
_f19
_gy-gencatlg
942 _2ddc
_cBK
_n0
999 _c1958
_d1958